000 00558nam a2200145Ia 4500
008 100204s9999 xx 000 0 und d
082 _b7509
100 _aमेणजोगे सिताराम
245 _aआम्ही पोष्टातील माणसं
260 _b"डिंंंंप्ंाल पब्लिकेशन, वसई"
_c1985
300 _a113
630 _aआम्ही पोष्टातील माणसं
730 _aआम्ही पोष्टातील माणसं
942 _cBOOK
999 _c451945
_d451942